Tracce di rossetto-Percorsi segreti nella cultura del Novecento dal Dada ai Sex Pistols (Record n. 94717)
[ formato base ]
| 000 -LEADER | |
|---|---|
| fixed length control field | 01621nam a2200289Ia 4500 |
| 001 - CONTROL NUMBER | |
| control field | A8402 |
| 003 - CONTROL NUMBER IDENTIFIER | |
| control field | IT-RoPAU |
| 008 - FIXED-LENGTH DATA ELEMENTS--GENERAL INFORMATION | |
| fixed length control field | 130308s9999 xx 000 0 und d |
| 040 ## - CATALOGING SOURCE | |
| Original cataloging agency | IT-RoPAU |
| 040 ## - CATALOGING SOURCE | |
| Transcribing agency | IT-RoPAU |
| 041 ## - LANGUAGE CODE | |
| Language code of text/sound track or separate title | ITALIANO |
| 100 ## - MAIN ENTRY--PERSONAL NAME | |
| Personal name | Marcus Greil |
| 100 ## - MAIN ENTRY--PERSONAL NAME | |
| Miscellaneous information | Codice Aut. SPICS: 36030 |
| 245 ## - TITLE STATEMENT | |
| Title | Tracce di rossetto-Percorsi segreti nella cultura del Novecento dal Dada ai Sex Pistols |
| 245 ## - TITLE STATEMENT | |
| Remainder of title | Tracce di Rossetto-Percorsi segreti nella Cultura del Novecento dal Dada Ai Sex Pistols |
| 250 ## - EDITION STATEMENT | |
| Edition statement | 1a ed. |
| 260 ## - PUBLICATION, DISTRIBUTION, ETC. (IMPRINT) | |
| Place of publication, distribution, etc. | MILANO |
| 260 ## - PUBLICATION, DISTRIBUTION, ETC. (IMPRINT) | |
| Name of publisher, distributor, etc. | Leonardo |
| 260 ## - PUBLICATION, DISTRIBUTION, ETC. (IMPRINT) | |
| Date of publication, distribution, etc. | 1991 [1° Ed.:1991 - Ed.Ling.Originale:1989] |
| 300 ## - PHYSICAL DESCRIPTION | |
| Extent | "508 p. (prefazione: no ; testo: 508 [pagine: 0-0])" |
| 500 ## - GENERAL NOTE | |
| General note | Sex Pistols Uno dei Piu' Grandi Eventi della Storia Secondo L'Autore. ci Sono movimenti Culturali che Non sembra Lascino Tracce Piu' Durature nella Storia. Il Sovversivo Negazionismo Punk dei Sex Pistols trova Inaspettati precedenti nella Storia Segreta dei Lollardi, Nei Dadaisti, Nei Situazionisti, in Bizzarre Performance di figure insieme memorabili e Dimenticate di Cuil'Autore Ricostruisce le Avventure, Illuminando I margini della Storia Attraverso un Libro Elettrico, Digressivo, ritmico e circolare che Rifiuta Ogni Schema. ultimo concerto dei Sex Pistols. Storia Segreta di un'epoca Passata. Volti. leggende di Libertà. Arte del crollo di Ieri. crollo dell'arte di Ieri. Assalto di Notre Dame. Attacco contro Charlie Chaplin. Tracce di Rossetto su una Sigaretta. |
| 650 ## - SUBJECT ADDED ENTRY--TOPICAL TERM | |
| Topical term or geographic name as entry element | SAGGI MUSICALI |
| 650 ## - SUBJECT ADDED ENTRY--TOPICAL TERM | |
| Relator term | Codice materia Spics: 7011 |
| 942 ## - ADDED ENTRY ELEMENTS (KOHA) | |
| Koha item type | LIBRO |
| 957 ## - | |
| -- | 1 |
| 999 ## - SYSTEM CONTROL NUMBERS (KOHA) | |
| -- | 1 |
| Withdrawn status | Lost status | Damaged status | Not for loan | Home library | Current library | Date acquired | Total Checkouts | Full call number | Date last seen | Price effective from | Koha item type | Public note |
|---|---|---|---|---|---|---|---|---|---|---|---|---|
| Buone Condizioni | Not For Loan | SPICS-MEDIATECA | SPICS-MEDIATECA | 08/03/2013 | A8402 | 08/03/2013 | 08/03/2013 | LIBRO | Progressivo inserimento: 51595 / N. Volumi: 1 Copie: 1 / data import: 1 marzo 2013 - By Epidotti, Trombetti, Vaglietti. |